000
00277nam a2200109Ia 4500
008
200302s9999 xx 000 0 und d
100
_a
Rupert Spade
245
_a
Library of Contemporary Architects Eero Saarinen
260
_b
Simon and Schuster
260
_c
1971
300
_a
129 P.,
999
_c
90
_d
90